000 00569nam a2200193Ia 4500
003 GCL
008 140319s9999 xx 000 0 ara d
040 _aGCL /
_cGCL
082 0 4 _a896.6762
_bر ا
100 1 _aرنزبورج، باتريك
245 1 0 _aالارض الاثمه /
_cرنزبورج، باتريك
700 1 _aرياض عبدالمجيد خليل
700 1 _aعثمان نويه
300 _a373 ص
490 _aالالف كتاب
_v0
650 0 4 _aالادب الافريقى
650 0 4 _aالقصص الافريقية
942 _2ddc
_cBK
999 _c43206
_d43206